000 00813nam a22002651 4500
001 280644
003 PILC
005 20150824080721.0
008 711013s1966 nyu b 000 0 eng
010 _a 66015808
040 _aDLC
_cDLC
_dDLC
043 _an-us---
_an-mx---
050 0 0 _aHQ 796
_b.H395 1966
082 0 0 _a301.45372073
100 1 _aHeller, Celia Stopnicka.
245 1 0 _aMexican American youth;
_bforgotten youth at the crossroads /
_cCelia S. Heller.
260 _aNew York :
_bRandom House,
_c1966.
300 _aviii, 113 pages ;
_c19 cm.
490 0 _aStudies in sociology, SS20
500 _aIncludes bibliographical references.
650 0 _aMexican Americans.
650 0 _aYouth
_zUnited States.
906 _a7
_bcbc
_corignew
_du
_eocip
_f19
_gy-gencatlg
942 _2lcc
_cBK
_kFOR
999 _c288432
_d288432